Meet the twelve. (Record no. 5104)

000 -LEADER
fixed length control field 00538nam a2200181 a 4500
001 - CONTROL NUMBER
control field :::00002845$&:&@@
003 - CONTROL NUMBER IDENTIFIER
control field OkBaRHE
005 - DATE AND TIME OF LATEST TRANSACTION
control field 20000607103257.0
008 - FIXED-LENGTH DATA ELEMENTS--GENERAL INFORMATION
fixed length control field s1960 j 000 0 eng u
040 ## - CATALOGING SOURCE
Transcribing agency
100 1# - MAIN ENTRY--PERSONAL NAME
Personal name Baumgaertner, John H.
245 10 - TITLE STATEMENT
Title Meet the twelve.
260 ## - PUBLICATION, DISTRIBUTION, ETC. (IMPRINT)
Place of publication, distribution, etc Minneapolis, MN., :
Name of publisher, distributor, etc Augsburg Publishing House
Date of publication, distribution, etc c1960
300 ## - PHYSICAL DESCRIPTION
Extent 122 p. : illus. ;
Dimensions 21 cm.
650 ## - SUBJECT ADDED ENTRY--TOPICAL TERM
Topical term or geographic name as entry element Apostles
942 ## - ADDED ENTRY ELEMENTS (KOHA)
Source of classification or shelving scheme
Koha item type Books
Copies
Permanent Location Copy number Barcode Full call number Date acquired Lost status Date last seen Price effective from Shelving location Koha item type Not for loan Damaged status Withdrawn status Source of classification or shelving scheme
RHEMA Bible Training College12845BS 2440 .B362010-04-14 2018-03-162010-04-14General StacksBooks